000 00383nam a2200133Ia 4500
008 100328s9999 xx 000 0 und d
082 _b22843
100 _aसहस्त्रबुदे नलिनी
245 _aराजयोगिनी
260 _bअनुपम
630 _aराजयोगिनी
730 _aराजयोगिनी
942 _cBOOK
999 _c516666
_d516663